001540000a2200061000450024500390000030000370003977300160007610aanimando el cambio y el apendizaje aNúm 43 (2000), Páginas 12-130 tPaso a paso